| 000 | 01949nam a2200361 a 4500 | ||
|---|---|---|---|
| 001 | 00160 | ||
| 003 | DO-SdBNP | ||
| 005 | 20180313094740.0 | ||
| 007 | 00160 | ||
| 008 | 150130s2005 dr 2005 000 0 spa d | ||
| 020 | _a9945110500 | ||
| 040 |
_aBPMSU _bspa _cBPMSU |
||
| 092 |
_a373.7 _bM623m 1ro 2005 |
||
| 100 | 1 | _aMichel, Daniel | |
| 245 | 1 | 0 |
_aMatemáticas 1 : _beducación media / _cDaniel Michel , Andrés Molina Moloon |
| 260 |
_aSanto Domingo : _bSantillana, _c2005. |
||
| 300 |
_a279 p. : _bil., retrs. ; _c28 cm. |
||
| 490 | 1 | _aÁmbar | |
| 505 | 1 |
_gunidad -- _t1er. curso/primer ciclo -- _tUnidad 1: Introducción a la lógica -- _tUnidad 2: Teoría de conjuntos -- _tUnidad 3 : Operaciones conjuntistas -- _tproyecto: La tierra y sus movimientos, I -- _tUnidad 4 : Introducción al álgrebra -- _tUnidad 5 : Operaciones algebraicas -- _tUnidad 6 : Factorización -- _tUnidad 7 : Ecuaciones de primer grado -- _tUnidad 8 --Inecuaciones -- _tProyecto: La tierra y sus movimientos, II -- _tUnidad 9 : Intervalos -- _tUnidad 10 : Fracciones algebraicas -- _tProyecto: Teselaciones del plano, I -- _tUnidad 11: Los números complejos -- _tUnidad 12 : Ecuaciones cuadráticas -- _tUnidad 13 : Proporcionalidad y semejanza -- _tUnidad 14 : Ángulos -- _tUnidad 15 : Geometría del espacio -- _tUnidad 16 : Estadística y probabilidades -- _tProyecto: Tesalaciones del plano, II -- |
|
| 650 | 4 |
_aMATEMÁTICAS _xENSEÑANZA SECUNDARIA |
|
| 650 | 4 |
_aEDUCACIÓN SECUNDARIA _zREPÚBLICA DOMINICANA |
|
| 650 | 4 |
_aMATEMÁTICAS _xLIBROS DE TEXTOS |
|
| 650 | 4 |
_aMATEMÁTICAS _xESTUDIOS Y EJERCÍCIOS |
|
| 700 | 1 | 2 |
_aMolina Maloon, Andrés, _eed. |
| 830 | 0 | _aÁmbar | |
| 910 | _aValidado. Control de calidad MFF | ||
| 942 |
_2ddc _cBK |
||
| 945 | _aBND01 | ||
| 956 |
_aDGARCIA _b10 _c20150706 _lBND01 _h1326 |
||
| 956 |
_aYLOCKWARD _b10 _c20150708 _lBND01 _h1151 |
||
| 956 |
_aVMATEO _b10 _c20150713 _lBPMSU _h00151 |
||
| 956 |
_aBTAVÁREZ _b10 _cBPMSU _l20160407 _h160 |
||
| 999 |
_c7954 _d7954 |
||